000 00803nam a2200217 a 4500
001 000040370
005 20201002034105.0
008 130823s2001 mx 000 0 spa d
020 _a9683690300
040 _aDO-SdBNP
_bspa
_cBNPHU
100 1 _aMoctezuma Barragán, Gonzalo
_966670
245 1 0 _aDerechos de los usuarios de los servicios de salud /
_cGonzalo Moctezuma Barragán.
250 _a2a. ed.
260 _aMéxico :
_bUniversidad Nacional Autónoma de México :
_bCámara de Diputados;,
_c2001.
300 _a176 p. :
_bil. ;
_c22 cm.
490 1 _aNuestros derechos
500 _aIncluye datos biográficos de los autores en la contracubierta
504 _aBibliografía : p. 175- 176
710 2 _aUniversidad Nacional Autónoma de México
_942447
830 0 _aNuestros derechos
_966667
999 _c39860
_d39860